000 00381pab a2200157 454500
008 180718b2006 xxu||||| |||| 00| 0 eng d
100 _aSankaran, P.N.
245 _aRural labour banks: promoting employment generation
260 _c2006
300 _ap.29-33.
362 _aSep
650 _aLabour
650 _aEmployment creation
773 _aKurukshetra
909 _a71595
999 _c71595
_d71595